000 01387nam a2200289 a 4500
999 _c533628
_d533628
001 ASIN0007270739
003 OSt
005 20200115102934.0
008 131025s2008 xxu eng d
020 _a0007270739 (paperback)
_c$21.25
020 _a9780007270736 (paperback)
038 _aMSOHAIL
040 _aa
050 0 4 _aPN4873.F57
082 0 4 _a824.914
_bFIS 2008
100 1 _aFisk, Robert.
_927581
245 1 4 _aThe age of the warrior /
_cRobert Fisk.
260 _a[S.l.] :
_bFourth Estate Ltd,
_c2008.
300 _a320 p. ;
_c22 cm.
520 _aA selection of Robert Fisk's finest 'Comment' pieces from the Saturday 'Independent'. Robert Fisk has amassed a devoted readership over the years, with his insightful, witty and always outspoken articles on international politics and mankind's war-torn recent history. He is best known for his writing about the Middle East, its wars, dictators and international relations, but these 'Comment' articles cover an array of topics, from his soldier grandfather to handwriting to the titanic - and of course President Bush, terrorism and Iraq.
650 0 _aFisk, Robert
_927582
650 0 _aForeign correspondents
_927583
650 0 _aWar correspondents
_927584
650 0 _aWorld politics
_927585
856 4 0 _3Amazon.com
_uhttp://www.amazon.com/exec/obidos/ASIN/0007270739/chopaconline-20
942 _2ddc
_cBK